| 000 | 00772nam a2200217 4500 | ||
|---|---|---|---|
| 999 |
_c4144 _d4144 |
||
| 003 | DO-SdBJH | ||
| 005 | 20180703153113.0 | ||
| 008 | 180703b ||||| |||| 00| 0 spa d | ||
| 040 |
_aDO-SdBJH _bspa _cDO-SdBJH |
||
| 082 |
_a001.43 _b P467i 1975 |
||
| 100 | 1 | _aSanchez Hernandez, Antonio | |
| 245 | 1 | 0 |
_aPerspectivas de la investigación en la Universidad Autónoma de Santo Domingo _cAntonio Sánchez Hernández |
| 260 |
_aSanto Domingo _bEditora de la UASD _c1975 |
||
| 300 | _a87 páginas | ||
| 490 |
_aPublicaciones de la Universidad Autónoma de Santo Domingo _vvol. 276 |
||
| 650 |
_aInvestigaciones _zRepública Dominicana |
||
| 700 |
_aMartinez, Ramon _eCompilador |
||
| 700 |
_aArvelo, Rafael _eCompilador |
||
| 700 |
_aJskowska _eCompilador |
||
| 942 |
_2ddc _cBK |
||